THE ALL INDIA REPORTER.1962 (VOL-49) MYSORE SECTION (Record no. 6425)

MARC details
000 -LEADER
fixed length control field 00409nam a22001577a 4500
005 - DATE AND TIME OF LATEST TRANSACTION
control field 20200522111506.0
008 - FIXED-LENGTH DATA ELEMENTS--GENERAL INFORMATION
fixed length control field 200522b xxu||||| |||| 00| 0 eng d
041 ## - LANGUAGE CODE
Language code of text/sound track or separate title eng
082 ## - DEWEY DECIMAL CLASSIFICATION NUMBER
Classification number 345.4 CHO
100 ## - MAIN ENTRY--AUTHOR NAME
Personal name CHOPRA, G.R
245 ## - TITLE STATEMENT
Title THE ALL INDIA REPORTER.1962 (VOL-49) MYSORE SECTION
260 ## - PUBLICATION, DISTRIBUTION, ETC. (IMPRINT)
Place of publication Bombay
Name of publisher THE ALL INDIA REPORTER. LTD
Year of publication 1962
300 ## - PHYSICAL DESCRIPTION
Number of Pages 496p.
650 ## - SUBJECT ADDED ENTRY--TOPICAL TERM
Topical Term LAW
942 ## - ADDED ENTRY ELEMENTS (KOHA)
Koha item type Books

No items available.